000 00221 a2200097 4500
001 13824
100 _aClaphan C B
245 _aArithmetic for engineers
260 _aLondon
_bChapman & Hall Ltd
_c
090 _c10803
_d10803
942 _aNUST-CAE
_cM
_c896
999 _c248897
_d248897